00618 a2200169 4500020001500000040000800015082001400023100002600037245015400063260003500217300003600252440004300288650003100331650002300362650003600385700002700421 a0070228396 aDLC00a621.382/11 aLeon-Garcia, Alberto.10aCommunication networks : fundamental concepts and key architectures bfundamental concepts and key architectures cAlbert Leon-Garcia, Indra Widjaja. aBoston :bMcGraw-Hill,cc2000. axxiii, 867 p. :bill. ;c24 cm. 0aMcGraw-Hill series in computer science 0aTelecommunication systems. 0aComputer networks. 0aComputer network architectures.1 aWidjaja, Indra,d1960-